TOM GATES : (Record no. 204003)

MARC details
000 -LEADER
fixed length control field 00814nam a2200265 ia4500
003 - CONTROL NUMBER IDENTIFIER
control field OSt
005 - DATE AND TIME OF LATEST TRANSACTION
control field 20260426110746.0
008 - FIXED-LENGTH DATA ELEMENTS--GENERAL INFORMATION
fixed length control field 260426s2025 enka br 000 0 eng d
020 ## - INTERNATIONAL STANDARD BOOK NUMBER
International Standard Book Number 9780702339431
Terms of availability RM 65.50
Qualifying information paperback
040 ## - CATALOGING SOURCE
Original cataloging agency PPAK
Language of cataloging eng
Transcribing agency PPAK
Description conventions rda
082 04 - DEWEY DECIMAL CLASSIFICATION NUMBER
Edition number 23
Classification number 741.2
090 00 - LOCALLY ASSIGNED LC-TYPE CALL NUMBER (OCLC); LOCAL CALL NUMBER (RLIN)
Classification number (OCLC) (R) ; Classification number, CALL (RLIN) (NR) 741.2
Feature heading PIC
Feature heading K
100 1# - MAIN ENTRY--PERSONAL NAME
Personal name Pichon, Liz,
Relator term author,
-- illustrator.
245 10 - TITLE STATEMENT
Title TOM GATES :
Remainder of title BOOK OF EVERYTHING /
Statement of responsibility, etc. By Liz Pichon
264 #1 - PRODUCTION, PUBLICATION, DISTRIBUTION, MANUFACTURE, AND COPYRIGHT NOTICE
Place of production, publication, distribution, manufacture London :
Name of producer, publisher, distributor, manufacturer Scholastic,
Date of production, publication, distribution, manufacture, or copyright notice [2025]
300 ## - PHYSICAL DESCRIPTION
Extent 187 pages :
Other physical details illustrations (black and white),
Dimensions 19 x 15 cm
336 ## - CONTENT TYPE
Content type term text
Source rdacontent
337 ## - MEDIA TYPE
Media type term unmediated
Source rdamedia
338 ## - CARRIER TYPE
Carrier type term volume
Source rdacarrier
490 1# - SERIES STATEMENT
Series statement TOM GATES
650 10 - SUBJECT ADDED ENTRY--TOPICAL TERM
Topical term or geographic name entry element Drawing
General subdivision Technique
Topical term or geographic name entry element Drawing and education
830 #0 - SERIES ADDED ENTRY--UNIFORM TITLE
Uniform title Tom Gates
942 ## - ADDED ENTRY ELEMENTS (KOHA)
Source of classification or shelving scheme Dewey Decimal Classification
Koha item type Book
Holdings
Withdrawn Not for loan Current library Shelving location Date acquired Total Checkouts Full call number Barcode Date last seen Koha item type
    Perpustakaan Alor Setar Pinjaman Kanak-kanak 27/04/2026   K 741.2 PIC A01915194 27/04/2026 Book
    Perpustakaan Awam Sungai Petani Pinjaman Kanak-kanak 27/04/2026   K 741.2 PIC A01915195 27/04/2026 Book